Vailan de vich ganna \ (Record no. 523993)
[ view plain ]
| 000 -LEADER | |
|---|---|
| fixed length control field | 00519nam a22001697a 4500 |
| 003 - CONTROL NUMBER IDENTIFIER | |
| control field | NUST |
| 020 ## - INTERNATIONAL STANDARD BOOK NUMBER | |
| Terms of availability | (Hbk) |
| 038 ## - RECORD CONTENT LICENSOR | |
| Staff Name | Shaban |
| 082 ## - DEWEY DECIMAL CLASSIFICATION NUMBER | |
| Classification number | 891.421 |
| Author Mark | SHZ |
| 100 ## - MAIN ENTRY--PERSONAL NAME | |
| Personal name | Shahzad, Hakeem Muhammad Arshad |
| 9 (RLIN) | 14822 |
| 245 ## - TITLE STATEMENT | |
| Title | Vailan de vich ganna \ |
| Statement of responsibility, etc. | Hakeen Muhammad Arshad Shahzad |
| 260 ## - PUBLICATION, DISTRIBUTION, ETC. | |
| Place of publication, distribution, etc. | Lahore -: |
| Name of publisher, distributor, etc. | Institute of punjabi language & culture, |
| Date of publication, distribution, etc. | 1999. |
| 300 ## - PHYSICAL DESCRIPTION | |
| Extent | 136 p. -; |
| 880 ## - ALTERNATE GRAPHIC REPRESENTATION | |
| Linkage | 100-02\r |
| Title | حکیم محمّد ارشد شہزاد |
| 880 ## - ALTERNATE GRAPHIC REPRESENTATION | |
| Linkage | 245-02\r |
| Title | / ویلن دے وچ گنا |
| 942 ## - ADDED ENTRY ELEMENTS (KOHA) | |
| Source of classification or shelving scheme | |
| Koha item type | Book |
| Withdrawn status | Lost status | Source of classification or shelving scheme | Damaged status | Not for loan | Permanent Location | Current Location | Date acquired | Total Checkouts | Full call number | Barcode | Date last seen | Price effective from | Koha item type |
|---|---|---|---|---|---|---|---|---|---|---|---|---|---|
| Central Library (CL) | Central Library (CL) | 06/13/2019 | 891.421 SHZ | CL-E-1834 | 06/13/2019 | 06/13/2019 | Book |
